01428nam a2200229 i 4500003000900000005001700009007000300026008004100029020001800070040003000088082001900118100005100137245007000188250002200258264004600280300002700326336002700353337003300380338002800413500006500441520069200506DO-SdBNP20250529075405.0ta250529b2024 dr ||||| |||| 00| 0 spa d a9789945290240 aDO-SdBNPbspacBNPHUerda axxxxbS2322221 aSantana González, José Migueleautor4aut.10aNarraciones de otros tiempos / cJosé Miguel Santana González aPrimera edición 4aSanto Domingo :bEditora Búho,c©2024. a78 páginas ;c23 cm. atextobtxt2rdacontent asin mediaciónbn2rdamedia avolumenbnc2rdacarrier aIncluye datos biografícos del autor en la contracubierta.  aDe esta obra, Narraciones de otros tiempos, de José Miguel Santana González, me han sorprendido gratamente dos detalles. El primero es que las historias contadas logran halagar en gran medida todo ese historial que existe en nuestro imaginario, ya sea por lo que vivimos durante la niñez o por lo que nos contaron nuestros padres y abuelos. El segundo detalle es que, en las narraciones, el autor muestra un magnífico dominio de la lengua. Además, al final de cada una de las historias contadas con donaire, más que un desenlace sorpresivo, asalta al lector un brote de humor capaz de contagiar al más abúlico de los humanos. Es una obra para deleitarnos. Avelino Stanley